[Event "St Petersburg Korchnoi Memorial op"]
[Site "St Petersburg"]
[Date "2023.08.24"]
[Round "9"]
[White "Sobolev, Georgii"]
[Black "Kjuseva, Yana"]
[Result "1-0"]
[WhiteElo "1091"]
[BlackElo "1052"]
[PlyCount "81"]
[EventDate "2023.08.18"]
[EventType "swiss"]
[EventRounds "9"]
[EventCountry "RUS"]
[SourceTitle "EXT 2024"]
[Source "ChessBase"]
[SourceDate "2023.10.10"]
[SourceVersion "1"]
[SourceVersionDate "2023.10.10"]
[SourceQuality "1"]

1. e4 c6 2. d4 d5 3. e5 Bf5 4. Nf3 e6 5. Nbd2 Nd7 6. Be2 c5 7. c3 Ne7 8. 0-0 Nc6 9. Nb3 Be7 10. Be3 c4 11. Nbd2 0-0 12. Ne1 b5 13. f4 f6 14. Bg4 Bxg4 15. Qxg4 f5 16. Qf3 a5 17. g4 b4 18. g5 Nb6 19. h4 Na4 20. Nxc4 bxc3 21. b3 Nb6 22. Nxb6 Qxb6 23. Nc2 a4 24. Rfb1 axb3 25. Rxb3 Qa5 26. Bf2 Nb4 27. Ra3 Qb5 28. Rxa8 Rxa8 29. Qxc3 Kf8 30. Nxb4 Bxb4 31. Qb2 Qa5 32. Rb1 Be7 33. Qb7 Qxa2 34. Rc1 Ra7 35. Qc8+ Kf7 36. Rc6 Ra8 37. Qxe6+ Kf8 38. Rc8+ Rxc8 39. Qxc8+ Kf7 40. e6+ Kg6 41. Qe8# 1-0

[Event "St Petersburg Korchnoi Memorial op"]
[Site "St Petersburg"]
[Date "2023.08.19"]
[Round "2"]
[White "Vlasova, Olesia"]
[Black "Sobolev, Georgii"]
[Result "1-0"]
[WhiteElo "1827"]
[BlackElo "1091"]
[PlyCount "91"]
[EventDate "2023.08.18"]
[EventType "swiss"]
[EventRounds "9"]
[EventCountry "RUS"]
[SourceTitle "EXT 2024"]
[Source "ChessBase"]
[SourceDate "2023.10.10"]
[SourceVersion "1"]
[SourceVersionDate "2023.10.10"]
[SourceQuality "1"]

1. d4 Nf6 2. c4 e6 3. g3 c6 4. Bg2 d5 5. Qc2 b5 6. c5 a5 7. Nf3 Nbd7 8. 0-0 g6 9. Nbd2 Ba6 10. e4 Bg7 11. exd5 Nxd5 12. Ne4 0-0 13. Nd6 N7f6 14. Bg5 Qc7 15. Bxf6 Nxf6 16. Ne5 Nd5 17. Bh3 f5 18. Rfe1 Bc8 19. a4 b4 20. Qd2 Bxe5 21. Rxe5 Bd7 22. Bg2 Nf6 23. Nc4 Rfe8 24. Rae1 Re7 25. Qg5 Kg7 26. Rxf5 Ng8 27. Rfe5 Rf8 28. Nb6 h6 29. Qe3 Rff7 30. Bh3 Rf6 31. Nxd7 Qxd7 32. Bxe6 Rfxe6 33. Rxe6 Rxe6 34. Qxe6 Qxd4 35. Qe5+ Qxe5 36. Rxe5 Kf7 37. Kg2 Ne7 38. Kf3 Nd5 39. Rxd5 cxd5 40. Ke3 Ke7 41. Kd4 Ke6 42. f4 h5 43. b3 h4 44. gxh4 Kf5 45. Kxd5 Kxf4 46. c6 1-0